[Event "Jim Hurt U1800 Mem"]
[Site "San Francisco"]
[Date "2005.12.10"]
[Round "3"]
[White "Stephenson, Lloyd"]
[Black "Starr, Albert"]
[Result "1-0"]
[WhiteElo "1782"]
[BlackElo "1496"]
[PlyCount "29"]
[EventDate "2005.12.10"]
[EventType "swiss"]
[EventRounds "6"]
[EventCountry "USA"]

1. Nf3 b5 2. d4 e6 3. e4 b4 4. c4 d5 5. Bd3 Bb7 6. exd5 exd5 7. O-O dxc4 8.
Re1+ Be7 9. Bxc4 Bd5 10. Bxd5 Qxd5 11. Qa4+ Nc6 12. Ne5 Nf6 13. Nxc6 Ne4 14. f3
Qc4 15. Ne5+ 1-0

[Event "Jim Hurt U1800 Mem"]
[Site "San Francisco"]
[Date "2005.12.10"]
[Round "3"]
[White "Tse, Shawn"]
[Black "Jangle, Hemang"]
[Result "1-0"]
[WhiteElo "1487"]
[BlackElo "1355"]
[PlyCount "57"]
[EventDate "2005.12.10"]
[EventType "swiss"]
[EventRounds "6"]
[EventCountry "USA"]

1. e4 e5 2. Nf3 d5 3. exd5 Bd6 4. Bb5+ c6 5. dxc6 bxc6 6. Bc4 Nf6 7. d3 h6 8.
Be3 Bg4 9. Nbd2 O-O 10. h3 Bh5 11. g4 Nxg4 12. hxg4 Bxg4 13. Qe2 Nd7 14. Qf1
Bc7 15. Qg2 Nf6 16. Ne4 Bxf3 17. Qxf3 Nxe4 18. Qxe4 Qf6 19. O-O-O a5 20. Rdg1
Kh8 21. d4 Rad8 22. Bd3 g6 23. Rxh6+ Kg8 24. Bc4 Kg7 25. Rhh1 exd4 26. Bh6+ Kg8
27. Rxg6+ Kh8 28. Bg7+ Kg8 29. Bxf6# 1-0

[Event "Jim Hurt U1800 Mem"]
[Site "San Francisco"]
[Date "2005.12.11"]
[Round "4"]
[White "Chinchwadkar, Ojas"]
[Black "Saguid, Vincent"]
[Result "0-1"]
[WhiteElo "1362"]
[BlackElo "1478"]
[PlyCount "65"]
[EventDate "2005.12.10"]
[EventType "swiss"]
[EventRounds "6"]
[EventCountry "USA"]

1. e4 d6 2. d4 Nf6 3. Nc3 g6 4. Bd3 Bg7 5. Nge2 O-O 6. O-O c6 7. Bg5 h6 8. Be3
Ng4 9. Bf4 e5 10. dxe5 Nxe5 11. Qd2 Nxd3 12. Qxd3 Be5 13. Bxh6 Qh4 14. h3 Qxh6
15. f4 Bg7 16. Qxd6 Bd7 17. Qc7 Be6 18. Qxb7 Nd7 19. f5 Nc5 20. Qb4 Qe3+ 21.
Kh1 Rfb8 22. Qa3 Bc4 23. Rf3 Qd2 24. Rd1 Qxc2 25. Nd4 Bxd4 26. Rxd4 Rxb2 27.
Rg3 Qf2 28. Rxc4 Qxg3 29. Qxb2 Nd3 30. Qe2 Nf2+ 31. Kg1 Nxh3+ 32. Kf1 Nf4 33.
Qf3 0-1

[Event "Jim Hurt U1800 Mem"]
[Site "San Francisco"]
[Date "2005.12.11"]
[Round "4"]
[White "Dupree, Charles"]
[Black "Garbe, Kevin"]
[Result "1-0"]
[WhiteElo "1772"]
[BlackElo "1365"]
[PlyCount "69"]
[EventDate "2005.12.10"]
[EventType "swiss"]
[EventRounds "6"]
[EventCountry "USA"]

1. e4 c5 2. b4 b6 3. Nf3 Bb7 4. e5 g6 5. bxc5 bxc5 6. Ba3 Qc7 7. c3 Bg7 8. d4
cxd4 9. cxd4 Nc6 10. Be2 e6 11. O-O Nge7 12. Nbd2 O-O 13. Ne4 Rfe8 14. Nd6 Red8
15. Qd2 Rab8 16. Rfc1 Nd5 17. Rab1 Ba8 18. Ne1 Rxb1 19. Rxb1 Rb8 20. Rc1 Qa5
21. Qxa5 Nxa5 22. Bf3 f6 23. Nd3 fxe5 24. dxe5 Bc6 25. Be4 Bf8 26. f4 Kg7 27.
g3 h6 28. Kf2 Nb7 29. Nc4 Bxa3 30. Nxa3 d6 31. Rxc6 dxe5 32. Nxe5 Nd8 33. Rc2
Nf6 34. Bxg6 Nb7 35. Rb2 1-0

[Event "Jim Hurt U1800 Mem"]
[Site "San Francisco"]
[Date "2005.12.11"]
[Round "4"]
[White "Ling, Charles"]
[Black "Litowsky, Dan"]
[Result "1/2-1/2"]
[WhiteElo "1753"]
[BlackElo "1700"]
[PlyCount "111"]
[EventDate "2005.12.10"]
[EventType "swiss"]
[EventRounds "6"]
[EventCountry "USA"]

1. e4 e5 2. Nf3 Nc6 3. Bb5 Bc5 4. c3 Nf6 5. O-O O-O 6. d4 exd4 7. cxd4 Bb6 8.
d5 Ne7 9. Nc3 Ng6 10. a4 a6 11. Bd3 d6 12. h3 Re8 13. Be3 c6 14. Nd4 c5 15. Nf5
Bxf5 16. exf5 Ne5 17. Bc2 h6 18. g4 Nh7 19. Kg2 Qh4 20. Bf4 Qd8 21. Ne4 Nf6 22.
Ng3 Rc8 23. g5 hxg5 24. Bxg5 Ned7 25. Nh5 Re5 26. Nxf6+ Nxf6 27. Qf3 Qe7 28.
Qb3 Bd8 29. Bxf6 Qxf6 30. Qxb7 Qg5+ 31. Kh1 Rc7 32. Qxa6 Rxd5 33. Ra3 Rd2 34.
Rg3 Qh4 35. Bd1 Bf6 36. Qa8+ Kh7 37. Qf3 Re7 38. b3 Re4 39. Rg4 Rxg4 40. Qxg4
Rd4 41. Qxh4+ Rxh4 42. Kg2 Rf4 43. a5 c4 44. a6 Bd4 45. bxc4 Ba7 46. Be2 Kg8
47. Bd3 Kf8 48. Kg3 Rd4 49. Rd1 d5 50. Kf3 Ke7 51. Ke2 Rh4 52. Rb1 Bc5 53. Rb7+
Kf6 54. Kf3 Rxh3+ 55. Ke2 Bxf2 56. Kxf2 1/2-1/2

[Event "Jim Hurt U1800 Mem"]
[Site "San Francisco"]
[Date "2005.12.11"]
[Round "4"]
[White "Lupton, Stephen"]
[Black "Donovan, John P"]
[Result "0-1"]
[WhiteElo "1326"]
[BlackElo "1324"]
[PlyCount "40"]
[EventDate "2005.12.10"]
[EventType "swiss"]
[EventRounds "6"]
[EventCountry "USA"]

1. e4 e5 2. Bc4 Nf6 3. d3 d5 4. Bb3 dxe4 5. Nc3 exd3 6. cxd3 Bb4 7. Nge2 Nc6 8.
O-O Bxc3 9. bxc3 Bf5 10. d4 O-O 11. dxe5 Qxd1 12. Rxd1 Nxe5 13. Ba3 Rfd8 14.
Nd4 Bg6 15. f4 Neg4 16. Re1 Nd5 17. Nb5 Nxf4 18. Nxc7 Rd2 19. Bc4 Rxg2+ 20. Kf1
Nxh2# 0-1

[Event "Jim Hurt U1800 Mem"]
[Site "San Francisco"]
[Date "2005.12.11"]
[Round "4"]
[White "Salvo, Tab"]
[Black "Chan, John"]
[Result "1-0"]
[WhiteElo "1740"]
[BlackElo "1659"]
[PlyCount "87"]
[EventDate "2005.12.10"]
[EventType "swiss"]
[EventRounds "6"]
[EventCountry "USA"]

1. Nf3 Nf6 2. g3 c6 3. c4 d6 4. Bg2 e5 5. d3 h6 6. O-O Be7 7. Nc3 Bf5 8. e4 Bg4
9. Qc2 Bxf3 10. Bxf3 Nbd7 11. Be3 h5 12. h3 Nf8 13. d4 Ng6 14. Rad1 Qc8 15. Bg2
Qc7 16. b3 h4 17. g4 O-O-O 18. dxe5 Nxe5 19. Na4 b6 20. b4 Nfxg4 21. hxg4 h3
22. Bh1 Nxg4 23. Bf4 g5 24. Bf3 h2+ 25. Kh1 Nh6 26. Bg3 g4 27. Bg2 f6 28. a3
Nf7 29. Qe2 Ne5 30. Nc3 Kb8 31. Rc1 Qd7 32. b5 c5 33. Nd5 Rdf8 34. a4 f5 35.
exf5 Bg5 36. Ra1 Rxf5 37. a5 bxa5 38. Rxa5 Bd8 39. Ra6 Nf3 40. Bxd6+ Ka8 41.
Qe4 Rxd5 42. Qxd5+ Qb7 43. Qe6 Qg7 44. Qe4+ 1-0

[Event "Jim Hurt U1800 Mem"]
[Site "San Francisco"]
[Date "2005.12.11"]
[Round "4"]
[White "Starr, Albert"]
[Black "Sandberg, Evan"]
[Result "0-1"]
[WhiteElo "1496"]
[BlackElo "1353"]
[PlyCount "114"]
[EventDate "2005.12.10"]
[EventType "swiss"]
[EventRounds "6"]
[EventCountry "USA"]

1. b4 e5 2. b5 c6 3. a4 d5 4. e3 f5 5. Bb2 Nd7 6. Nf3 Bd6 7. Be2 c5 8. d3 b6 9.
O-O h6 10. c4 d4 11. exd4 cxd4 12. Re1 Bb4 13. Nbd2 Ngf6 14. Bf1 Bd6 15. Nxd4
g6 16. Nc6 Qc7 17. f4 e4 18. g3 O-O 19. dxe4 Ng4 20. e5 Bc5+ 21. Bd4 Bb7 22.
Bxc5 Nxc5 23. h3 Bxc6 24. bxc6 Nxe5 25. Rxe5 Rad8 26. Qe2 Qxc6 27. Bg2 Qd6 28.
Bd5+ Kh8 29. a5 Qf6 30. Nf3 Nd7 31. Re6 Qxa1+ 32. Kg2 Qg7 33. axb6 Nxb6 34. Ne5
Rf6 35. Rxf6 Qxf6 36. Nf7+ Kg7 37. Nxd8 Qxd8 38. Qe5+ Kh7 39. Kf3 Nxd5 40. Qxd5
Qxd5+ 41. cxd5 Kg7 42. Ke3 Kf7 43. Kd4 Ke7 44. g4 Kd6 45. g5 h5 46. Kc4 a5 47.
Kb5 Kxd5 48. Kxa5 Ke4 49. Kb5 Kxf4 50. Kc4 Ke3 51. Kd5 f4 52. Ke5 f3 53. Kf6 f2
54. Kxg6 f1=Q 55. Kxh5 Qxh3+ 56. Kg6 Kf4 57. Kf6 Qf5+ 0-1

[Event "Jim Hurt U1800 Mem"]
[Site "San Francisco"]
[Date "2005.12.11"]
[Round "4"]
[White "Steele, John"]
[Black "Yamamoto, Craig"]
[Result "1/2-1/2"]
[WhiteElo "1533"]
[BlackElo "1524"]
[PlyCount "79"]
[EventDate "2005.12.10"]
[EventType "swiss"]
[EventRounds "6"]
[EventCountry "USA"]

1. Nf3 Nf6 2. g3 b6 3. Bg2 Bb7 4. O-O e6 5. d3 d5 6. Nbd2 Be7 7. c4 O-O 8. a3
c5 9. Re1 dxc4 10. Nxc4 Nc6 11. Nfe5 Qc7 12. Bf4 Nxe5 13. Bxe5 Qc8 14. Bxf6
gxf6 15. Qd2 Bxg2 16. Kxg2 Qc6+ 17. f3 Qd5 18. Rh1 Qg5 19. f4 Qh5 20. Rag1 Qd5+
21. Kf2 Kh8 22. Ne3 Qd4 23. Qc3 Qxc3 24. bxc3 f5 25. g4 fxg4 26. Rxg4 Rg8 27.
Rhg1 Rxg4 28. Rxg4 Rg8 29. Rxg8+ Kxg8 30. a4 Bf6 31. c4 Bd4 32. Kf3 Bxe3 33.
Kxe3 Kg7 34. Ke4 Kf6 35. Kf3 Kg6 36. e4 Kf6 37. Kg4 Kg6 38. h4 f5+ 39. Kg3 Kh5
40. e5 1/2-1/2

[Event "Jim Hurt U1800 Mem"]
[Site "San Francisco"]
[Date "2005.12.11"]
[Round "4"]
[White "Woebcke, Carl"]
[Black "Stephenson, Lloyd"]
[Result "1-0"]
[WhiteElo "1670"]
[BlackElo "1782"]
[PlyCount "53"]
[EventDate "2005.12.10"]
[EventType "swiss"]
[EventRounds "6"]
[EventCountry "USA"]

1. e4 c6 2. d4 d5 3. e5 Bf5 4. Bd3 Bxd3 5. Qxd3 e6 6. Nf3 Ne7 7. Bg5 Qc7 8.
Nbd2 h6 9. Bf4 Ng6 10. Bg3 Nd7 11. h4 Be7 12. h5 Ngf8 13. Bh4 c5 14. Bxe7 Kxe7
15. Qa3 Nh7 16. c4 Rhc8 17. cxd5 exd5 18. Nh4 Kd8 19. Rc1 c4 20. Nf5 Nxe5 21.
dxe5 Qxe5+ 22. Ne3 d4 23. Ndxc4 Qe6 24. O-O dxe3 25. Rfd1+ Kc7 26. Qd6+ Qxd6
27. Nxd6+ 1-0

[Event "Jim Hurt U1800 Mem"]
[Site "San Francisco"]
[Date "2005.12.11"]
[Round "5"]
[White "Belanoff, Ted"]
[Black "Salvo, Tab"]
[Result "1-0"]
[WhiteElo "1770"]
[BlackElo "1740"]
[PlyCount "26"]
[EventDate "2005.12.10"]
[EventType "swiss"]
[EventRounds "6"]
[EventCountry "USA"]

1. e4 d6 2. d4 Nf6 3. Nc3 g6 4. Bd3 Bg7 5. Nf3 O-O 6. Bg5 Bg4 7. h3 Bxf3 8.
Qxf3 c6 9. h4 Nbd7 10. g4 Qb6 11. O-O Qxd4 12. Qh3 Nxg4 13. Be2 Nxf2 {
remainder illegible} 1-0

[Event "Jim Hurt U1800 Mem"]
[Site "San Francisco"]
[Date "2005.12.11"]
[Round "5"]
[White "Chan, John"]
[Black "Sandberg, Evan"]
[Result "1-0"]
[WhiteElo "1659"]
[BlackElo "1353"]
[PlyCount "57"]
[EventDate "2005.12.10"]
[EventType "swiss"]
[EventRounds "6"]
[EventCountry "USA"]

1. c4 Nf6 2. Nc3 g6 3. d4 Bg7 4. Nf3 O-O 5. e4 d6 6. h3 e6 7. Bg5 h6 8. Bh4 c6
9. Qc2 Qc7 10. g4 d5 11. Bg3 Qb6 12. c5 Qd8 13. Bd6 Re8 14. e5 Nh7 15. Bd3 Nf8
16. h4 Nbd7 17. O-O-O f5 18. gxf5 exf5 19. h5 Nb8 20. hxg6 Nxg6 21. Bxf5 Ne7
22. Bh7+ Kh8 23. Bxe7 Qxe7 24. Nh4 Qg5+ 25. Kb1 Be6 26. Rdg1 Qd8 27. Ng6+ Kxh7
28. Nf8+ Kg8 29. Qh7+ 1-0

[Event "Jim Hurt U1800 Mem"]
[Site "San Francisco"]
[Date "2005.12.11"]
[Round "5"]
[White "Donovan, John P"]
[Black "Steele, John"]
[Result "1-0"]
[WhiteElo "1324"]
[BlackElo "1533"]
[PlyCount "63"]
[EventDate "2005.12.10"]
[EventType "swiss"]
[EventRounds "6"]
[EventCountry "USA"]

1. d4 d5 2. Nf3 Nf6 3. Nc3 g6 4. Bg5 Bg7 5. Bxf6 Bxf6 6. e4 b6 7. e5 Bg7 8. Ng5
e6 9. Nxf7 Qe7 10. Nxh8 Bb7 11. Nxg6 hxg6 12. Qg4 Qf7 13. Bd3 Kd7 14. Bxg6 Qe7
15. O-O-O a6 16. h4 Nc6 17. Nxd5 Qf8 18. Nf4 Bh6 19. Qxe6+ Kd8 20. g3 Ne7 21.
d5 Bc8 22. Qf7 Nxg6 23. Qxf8+ Nxf8 24. Kb1 Bb7 25. Rhe1 Ke7 26. d6+ cxd6 27.
exd6+ Kd7 28. Re7+ Kc6 29. d7 Rd8 30. Ne6 Rxd7 31. Rexd7 Nxd7 32. Nd8+ 1-0

[Event "Jim Hurt U1800 Mem"]
[Site "San Francisco"]
[Date "2005.12.11"]
[Round "5"]
[White "Litowsky, Dan"]
[Black "Krubnik, Ewelina"]
[Result "0-1"]
[WhiteElo "1700"]
[BlackElo "1751"]
[PlyCount "52"]
[EventDate "2005.12.10"]
[EventType "swiss"]
[EventRounds "6"]
[EventCountry "USA"]

1. e4 e5 2. Nc3 Bc5 3. Bc4 Ne7 4. Nf3 d6 5. h3 O-O 6. O-O Be6 7. Bb3 Bxb3 8.
axb3 a6 9. d4 exd4 10. Nxd4 Nbc6 11. Nce2 Qd7 12. c3 f5 13. Nxc6 Nxc6 14. b4
Ba7 15. Qd5+ Qf7 16. Nf4 fxe4 17. Qxe4 Rae8 18. Qd5 Qxd5 19. Nxd5 Bxf2+ 20.
Rxf2 Re1+ 21. Kh2 Rxf2 22. Be3 Rxg2+ 23. Kxg2 Rxa1 24. Nxc7 Rb1 25. Nd5 Rxb2+
26. Kg3 Kf7 0-1

[Event "Jim Hurt U1800 Mem"]
[Site "San Francisco"]
[Date "2005.12.11"]
[Round "5"]
[White "Lupton, Stephen"]
[Black "Starr, Albert"]
[Result "0-1"]
[WhiteElo "1326"]
[BlackElo "1496"]
[PlyCount "78"]
[EventDate "2005.12.10"]
[EventType "swiss"]
[EventRounds "6"]
[EventCountry "USA"]

1. e4 c5 2. Nc3 e6 3. g3 a6 4. Bg2 Nc6 5. d3 b5 6. Be3 Bb7 7. f4 d6 8. Nf3 Nf6
9. h3 g6 10. Qd2 Bg7 11. d4 b4 12. Ne2 Nxe4 13. Qd3 d5 14. c4 Qa5 15. b3 O-O
16. cxd5 exd5 17. O-O Ne7 18. Ne5 Nf5 19. Bc1 Qb5 20. Rf3 Qxd3 21. Rxd3 cxd4
22. g4 Nc5 23. Rd1 Ne3 24. Bxe3 dxe3 25. Bxd5 Rad8 26. Bxf7+ Kh8 27. Rac1 Rxd1+
28. Rxd1 Bxe5 29. fxe5 Rxf7 30. Rc1 Ne6 31. Re1 Rf3 32. Kh2 Ng5 33. Ng1 Rf2+
34. Kg3 Ne4+ 35. Kh4 g5+ 36. Kh5 Kg7 37. Rxe3 Bd5 38. e6 Rf6 39. e7 Rh6# 0-1

[Event "Jim Hurt U1800 Mem"]
[Site "San Francisco"]
[Date "2005.12.11"]
[Round "5"]
[White "Saguid, Vincent"]
[Black "Dupree, Charles"]
[Result "1-0"]
[WhiteElo "1478"]
[BlackElo "1772"]
[PlyCount "91"]
[EventDate "2005.12.10"]
[EventType "swiss"]
[EventRounds "6"]
[EventCountry "USA"]

1. Nf3 e6 2. g3 b6 3. Bg2 Bb7 4. O-O Nf6 5. d3 c5 6. e4 d6 7. Nc3 Be7 8. e5
dxe5 9. Nxe5 Bxg2 10. Kxg2 O-O 11. Qf3 Na6 12. Nc6 Qd7 13. Nxe7+ Qxe7 14. Bg5
Nb4 15. Bxf6 gxf6 16. Rac1 Rac8 17. Rfe1 f5 18. Qxf5 Qd8 19. Qg4+ Kh8 20. a3
Nc6 21. Ne2 Ne5 22. Qe4 Qf6 23. Nf4 Ng6 24. Nxg6+ fxg6 25. Qe5 Kg8 26. Qxe6+
Kg7 27. Qxf6+ Rxf6 28. Re7+ Rf7 29. Rce1 Kf8 30. Rxf7+ Kxf7 31. c3 Rd8 32. Rd1
Ke6 33. d4 cxd4 34. Rxd4 Rxd4 35. cxd4 Kd5 36. Kf3 Kxd4 37. Ke2 g5 38. f3 b5
39. h4 gxh4 40. gxh4 h5 41. Kd2 a6 42. b4 Ke5 43. Ke3 Kf5 44. f4 Kg4 45. Ke4
Kxh4 46. Kf3 1-0

[Event "Jim Hurt U1800 Mem"]
[Site "San Francisco"]
[Date "2005.12.11"]
[Round "5"]
[White "Woebcke, Carl"]
[Black "Ling, Charles"]
[Result "1-0"]
[WhiteElo "1670"]
[BlackElo "1753"]
[PlyCount "69"]
[EventDate "2005.12.10"]
[EventType "swiss"]
[EventRounds "6"]
[EventCountry "USA"]

1. e4 c5 2. Nf3 d6 3. d4 cxd4 4. Nxd4 Nf6 5. Nc3 a6 6. Bc4 e6 7. Bb3 Be7 8. O-O
Nc6 9. f4 O-O 10. Be3 Qc7 11. a4 Na5 12. Qd3 Ng4 13. Bd2 Qc5 14. h3 Nxb3 15.
cxb3 Bf6 16. hxg4 Bxd4+ 17. Kh1 f5 18. b4 Qa7 19. g5 Bd7 20. Ne2 e5 21. Bc3
fxe4 22. Qc4+ Kh8 23. Nxd4 Rac8 24. Qd5 exd4 25. Bxd4 Bc6 26. Qxd6 Qb8 27. Qe7
(27. Qh6 {wins, as} Rc7 28. g6) 27... Rg8 28. g6 Be8 29. Be5 Qa7 30. f5 Qe3 31.
Ra3 Qe2 32. Rh3 h5 (32... Qxf1+ 33. Kh2 {doesn't help}) 33. Bxg7+ Rxg7 34. Qf8+
Rg8 35. Qh6# 1-0

[Event "Jim Hurt U1800 Mem"]
[Site "San Francisco"]
[Date "2005.12.11"]
[Round "6"]
[White "Belanoff, Ted"]
[Black "Woebcke, Carl"]
[Result "1-0"]
[WhiteElo "1770"]
[BlackElo "1670"]
[PlyCount "53"]
[EventDate "2005.12.10"]
[EventType "swiss"]
[EventRounds "6"]
[EventCountry "USA"]

1. e4 c5 2. Nc3 d6 3. Bc4 e6 4. d3 a6 5. a4 Nf6 6. Bg5 Nbd7 7. Nf3 Be7 8. Qd2
h6 9. Bh4 d5 10. Bb3 Nxe4 11. dxe4 Bxh4 12. exd5 Nb6 13. dxe6 Bxe6 14. Bxe6
fxe6 15. Nxh4 Qxh4 16. Qd6 Qd8 17. Qxe6+ Qe7 18. Qxe7+ Kxe7 19. a5 Nd7 20.
O-O-O Rad8 21. Rhe1+ Kf7 22. Ne4 Kg6 23. Nd6 Rb8 24. Re7 Rhd8 25. Ne4 Nf6 26.
Rxd8 Rxd8 27. Nxf6 1-0

[Event "Jim Hurt U1800 Mem"]
[Site "San Francisco"]
[Date "2005.12.11"]
[Round "6"]
[White "Dupree, Charles"]
[Black "Chinchwadkar, Ojas"]
[Result "1-0"]
[WhiteElo "1772"]
[BlackElo "1362"]
[PlyCount "51"]
[EventDate "2005.12.10"]
[EventType "swiss"]
[EventRounds "6"]
[EventCountry "USA"]

1. e4 e5 2. f4 d5 3. Nf3 Bg4 4. h3 dxe4 5. hxg4 exf3 6. Qxf3 exf4 7. Qxf4 Nc6
8. Bc4 Qd7 9. O-O Bc5+ 10. Kh1 O-O-O 11. Qxf7 Qxf7 12. Rxf7 Ne5 13. Be6+ Nd7
14. Rxg7 h5 15. g5 Bd4 16. Rf7 c6 17. c3 Be5 18. d4 Bg3 19. Nd2 Kc7 20. Ne4 Bd6
21. Nxd6 Kxd6 22. Bc4 c5 23. Bf4+ Kc6 24. Re1 Nf8 25. d5+ Kb6 26. Bc7# 1-0

[Event "Jim Hurt U1800 Mem"]
[Site "San Francisco"]
[Date "2005.12.11"]
[Round "6"]
[White "Ling, Charles"]
[Black "Krubnik, Ewelina"]
[Result "1-0"]
[WhiteElo "1753"]
[BlackElo "1751"]
[PlyCount "59"]
[EventDate "2005.12.10"]
[EventType "swiss"]
[EventRounds "6"]
[EventCountry "USA"]

1. e4 e5 2. Nf3 Nc6 3. Bb5 a6 4. Ba4 Nf6 5. d3 b5 6. Bb3 d6 7. Ng5 d5 8. exd5
Nxd5 9. Qf3 Be6 10. Nxe6 fxe6 11. Nc3 Nce7 12. Ne4 Ng6 13. Ng5 Qd7 14. Nxe6 c6
15. Bxd5 cxd5 16. Qxd5 Qxd5 17. Nc7+ Kf7 18. Nxd5 Rd8 19. c4 Bc5 20. Be3 Bxe3
21. fxe3 Rhe8 22. Rf1+ Kg8 23. b3 bxc4 24. bxc4 Rb8 25. Rf2 Re6 26. Rc1 Nf8 27.
c5 Rc8 28. c6 Ng6 29. c7 Rd6 30. e4 1-0

[Event "Jim Hurt U1800 Mem"]
[Site "San Francisco"]
[Date "2005.12.11"]
[Round "6"]
[White "Salvo, Tab"]
[Black "Litowsky, Dan"]
[Result "1-0"]
[WhiteElo "1740"]
[BlackElo "1700"]
[PlyCount "85"]
[EventDate "2005.12.10"]
[EventType "swiss"]
[EventRounds "6"]
[EventCountry "USA"]

1. Nf3 c5 2. c4 Nc6 3. b3 Nf6 4. Bb2 d6 5. g3 g6 6. Bg2 Bg7 7. O-O O-O 8. d3
Bf5 9. Nbd2 Qd7 10. Re1 Bh3 11. Bh1 Rfe8 12. e4 e5 13. a3 a5 14. a4 Nb4 15. Nf1
Ng4 16. Ng5 Nh6 17. Nxh3 Qxh3 18. Bg2 Qg4 19. Qd2 Rab8 20. Ne3 Qg5 21. Rad1 Ng4
22. h4 Qh5 23. Bf3 f5 24. exf5 gxf5 25. Qe2 Rf8 26. Nxg4 fxg4 27. Bxg4 Qg6 28.
Bf3 Kh8 29. Be4 Qf6 30. Rf1 b6 31. f4 Qe7 32. Qh5 Bf6 33. Rf3 Rg8 34. Kh2 Rg7
35. Rdf1 Rbg8 36. R1f2 Na6 37. Bd5 Rf8 38. Bc1 Nc7 39. Be4 Ne6 40. fxe5 Bxe5
41. Rxf8+ Nxf8 42. Bh6 Rg8 43. Rf7 1-0

[Event "Jim Hurt U1800 Mem"]
[Site "San Francisco"]
[Date "2005.12.11"]
[Round "6"]
[White "Sandberg, Evan"]
[Black "Lupton, Stephen"]
[Result "1-0"]
[WhiteElo "1353"]
[BlackElo "1326"]
[PlyCount "115"]
[EventDate "2005.12.10"]
[EventType "swiss"]
[EventRounds "6"]
[EventCountry "USA"]

1. e4 e5 2. Nf3 Nc6 3. Bc4 Nf6 4. Ng5 d5 5. exd5 Nxd5 6. Nxf7 Kxf7 7. Qf3+ Qf6
8. Bxd5+ Be6 9. Qxf6+ gxf6 10. Bxe6+ Kxe6 11. c3 Bh6 12. Na3 a6 13. d3 Bxc1 14.
Rxc1 Rac8 15. O-O h5 16. Rfe1 h4 17. h3 Kd5 18. Nc2 f5 19. Ne3+ Ke6 20. d4 exd4
21. cxd4 Nxd4 22. Nc2+ Kd5 23. Nxd4 Kxd4 24. Re7 Rh6 25. Rd7+ Ke5 26. Rcxc7
Rxc7 27. Rxc7 b5 28. Re7+ Kd4 29. Kf1 Rc6 30. Ke1 Rc2 31. Re2 Rxe2+ 32. Kxe2
Ke4 33. g3 hxg3 34. fxg3 Ke5 35. Ke3 a5 36. g4 fxg4 37. hxg4 Kf6 38. Kf4 Kg6
39. g5 Kg7 40. Ke5 Kg6 41. Kd5 Kxg5 42. Kc5 b4 43. Kb5 Kf6 44. Kxa5 b3 45. a3
Ke6 46. Kb4 Kd6 47. Kxb3 Kc5 48. Ka4 Kb6 49. b4 Ka6 50. b5+ Kb6 51. Kb4 Kb7 52.
Kc5 Kc7 53. b6+ Kb7 54. a4 Kb8 55. Kc6 Kc8 56. b7+ Kb8 57. a5 Ka7 58. Kc7 1-0

[Event "Jim Hurt U1800 Mem"]
[Site "San Francisco"]
[Date "2005.12.11"]
[Round "6"]
[White "Stephenson, Lloyd"]
[Black "Saguid, Vincent"]
[Result "0-1"]
[WhiteElo "1782"]
[BlackElo "1478"]
[PlyCount "88"]
[EventDate "2005.12.10"]
[EventType "swiss"]
[EventRounds "6"]
[EventCountry "USA"]

1. Nf3 Nf6 2. g3 g6 3. Bg2 Bg7 4. d4 O-O 5. c4 d6 6. Nc3 Re8 7. e4 e5 8. dxe5
dxe5 9. O-O Nbd7 10. Qc2 c6 11. b3 Qc7 12. Ba3 Bf8 13. Bb2 Bc5 14. Na4 Bf8 15.
Rfd1 b6 16. h3 Bb7 17. Nc3 Rad8 18. Ng5 h6 19. Nf3 Bg7 20. Rac1 Nh7 21. Ba3
Ndf8 22. c5 b5 23. Rd6 a5 24. Rxd8 Rxd8 25. Nd1 Ne6 26. Bb2 Nhg5 27. Nxg5 Nxg5
28. Ne3 Ne6 29. a3 h5 30. b4 a4 31. Rd1 Nd4 32. Bxd4 exd4 33. Qd3 Bc8 34. f4
Be6 35. Nc2 Bb3 36. Rd2 Bc4 37. Qf3 d3 38. Ne3 Bc3 39. Nxc4 bxc4 40. Ra2 Qd7
41. Qd1 Qd4+ 42. Kh2 Qe3 43. Bf3 d2 44. Rc2 Rd3 0-1

[Event "Jim Hurt U1800 Mem"]
[Site "San Francisco"]
[Date "2005.12.11"]
[Round "6"]
[White "Yamamoto, Craig"]
[Black "Donovan, John P"]
[Result "1-0"]
[WhiteElo "1524"]
[BlackElo "1324"]
[PlyCount "29"]
[EventDate "2005.12.10"]
[EventType "swiss"]
[EventRounds "6"]
[EventCountry "USA"]

1. e4 e5 2. Nf3 Nc6 3. Bc4 Nf6 4. Ng5 d5 5. exd5 Nxd5 6. Qf3 Qxg5 7. Bxd5 Be6
8. Bxc6+ Kd8 9. Bxb7 Rb8 10. O-O h5 11. d4 Qg6 12. dxe5 Rxb7 13. Qxb7 Qxc2 14.
Bg5+ Ke8 15. Nc3 1-0